000 00721cam a2200217 a 4500
001 2086458
005 20241122171802.0
008 950216s1996 maua b 001 0 eng
020 _a978201808759
050 0 0 _aQA371
_b.N24 1996
082 0 0 _a515/.35
_220
100 1 _aNagle, R. Kent.
245 1 0 _aFundamentals of differential equations.
250 _a4th ed. /
_bR. Kent Nagle & Edward B. Saff ; with contributions by A.D. Snider.
260 _aReading, Mass. :
_bAddison-Wesley Pub. Co.,
_cc1996.
300 _axx, 657, 10, 28, 4 p. :
_bill. (some col.) ;
_c24 cm.
650 0 _aDifferential equations.
700 1 _aSaff, E. B.,
_d1944-
700 1 _aSnider, Arthur David,
_d1940-
942 _2lcc
_cBK
_e4th ed.
_n0
999 _c1470
_d1470